000 01185 a2200277 4500
999 _c11234
_d11234
020 _a0195099265 (alk. paper)
050 0 0 _aQS675
_bCOH 1997
100 1 _aCohen, M. Michael
_d1937-
_eauthor
245 1 4 _aThe child with multiple birth defects /
_cM. Michael Cohen, Jr.
250 _asecond edition
264 _aNew York:
_bOxford University Press,
_c1997
300 _axix, 267 pages
_billustrations
336 _2rdacontent
_atext
_btxt
337 _2rdamedia
_aunmediated
_bn
338 _2rdacarrier
_avolume
_bnc
440 0 _aOxford monographs on medical genetics ;
504 _aIncludes bibliographical references and index.
650 0 _aAbnormalities, Human
_xDiagnosis.
650 0 _aGenetic disorders
_xDiagnosis.
650 0 _aSyndromes in children
_xDiagnosis.
650 1 2 _aAbnormalities, Multiple.
856 4 2 _3Publisher description
_uhttp://www.loc.gov/catdir/enhancements/fy0639/96004650-d.html
856 4 1 _3Table of contents only
_uhttp://www.loc.gov/catdir/enhancements/fy0639/96004650-t.html
942 _2lcc
_cBK
_esecond edition
_h675
_iCOH
_kQS